000 00448nam a2200157 4500
001 120852
003 ES-MaACL
005 20230906191633.0
007 t|
008 070214s1934 sp r ||||1| spa d
100 1 _aPrat Gaballí, Pedro (
_d1885-1962)
_993676
245 1 0 _aPublicidad racional /
_cPedro Prat Gaballi.
260 _aBarcelona :
_bLabor,
_c1934.
300 _aXV, 417 p., 2 lám. ;
_c23 cm.
852 _aES-MaACL
_jF-15335
_bR.19047
999 _c120852
_d120852